01666nam a2200373 a 4500001001000000003000500010005001700015008004100032010001100073011001100084040000900095090001000104100004400114245021800158260004100376500006000417502007100477590004000548590004000588590004000628590004000668650003200708650004900740650002500789650004800814700004200862856007000904901000700974942001000981942000600991999001900997952014001016952013601156000112148CHAP20220329144248.0151208s2015 mx a fsm |||||||spa d a108609 a109581 cCHAP aTesis1 aGómez Intzin, Cinthia Nallely913030410aProyecto ejecutivo para tecnificación de la Unidad de Riego Las Alazanas en el municipio de Puruándiro, Estado de Michoacán /h[En línea]cpor Cinthia Nallely Goméz Intzin y Alejandro Vázquez Tesillos. aChapingo, Méx. :bEl autor,c2015. aPara ver el contenido del material haga clic en la liga aTesis (Ing. en Irrigación) -- UACH. Departamento de Irrigación aE5765TAJb05c20170911lUCH01h1121 aE6096MTMb05c20151208lUCH01h1108 aE6096MTMb05c20151208lUCH01h1112 aE6096MTMb05c20151208lUCH01h132714aAguaxDistribución.9236614aIrrigaciónxProyectosxMichoacán.96045914aRed de riego.99535014aUnidad de Riego las Alazanas, Mich.91303061 aVázquez Tesillos, Alejandro9130305 aFinding aiduhttp://10.13.5.2/tesis/sist112148.pdfzTeclea aquí aBK cTESIS n0 c108609d108609 00102local4053708TESISaBCbBCcPA_TESISd2015-12-08fTESISl0oTesisp33724002513058r2019-12-31 00:00:00tc.2w2019-12-31yTESIS 00104054718TESISaBCbBCd2015-12-08fTESISl0oTesisp33724002513090r2019-12-31 00:00:00w2019-12-31yTESISzRecien adquirido